01017nam a22002657a 450000500170000000800410001702000180005804000070007604100120008308200170009510000260011224500320013826000610017030000280023136500570025965000430031665000560035965000340041565000510044965000430050065000350054394200120057899900190059095201420060920260325113816.0260325b |||||||| |||| 00| 0 eng d a9789389261868 cAL aEnglish a005.41bKANC aA Nagoor Kani9259272 aControl systems engineering aNew DelhibCBS Publishers and Distributors Pvt Ltdc2025 axvi,560p.bPBc24x17cm. aVBI-2645b₹506.25c₹d₹675.00e25%f20-02-2026 afor Anna University ECE course9259213 aSystems Components and their Representation9259214 aTime Response Analyis9259215 aFrequency Response and System Analysis9259216 aConcepts of Stability Analysis9259217 aState Variable Methods9259218 2ddccBK c241053d241053 00102ddc40708ECE aSEbSEd2026-03-25eVidyarthi Booksg506.25l0o005.41 KANCpSE000331r2026-03-25 09:35:07v675.00w2026-02-20yBK